[Event "SRB-chT3 North CS"]
[Site "Serbia"]
[Date "2017.10.12"]
[Round "6.5"]
[White "Ostojic, Vladimir1111"]
[Black "Avramovic, Zoran"]
[Result "1/2-1/2"]
[WhiteElo "2220"]
[BlackElo "2324"]
[PlyCount "82"]
[EventDate "2017.09.03"]
[EventType "team-tourn"]
[EventRounds "11"]
[EventCountry "SRB"]
[SourceTitle "EXT 2021"]
[Source "ChessBase"]
[SourceDate "2020.10.23"]
[SourceVersion "1"]
[SourceVersionDate "2020.10.23"]
[SourceQuality "1"]

1. e4 e5 2. Nf3 Nc6 3. Bb5 Nf6 4. Nc3 Nd4 5. Ba4 Bc5 6. 0-0 0-0 7. d3 d6 8. Nxd4 Bxd4 9. Qf3 h6 10. h3 Be6 11. Bb3 a5 12. Be3 Bxc3 13. bxc3 Kh7 14. Qe2 a4 15. Bxe6 fxe6 16. Rab1 b6 17. f4 exf4 18. Rxf4 e5 19. Rf5 Qe7 20. c4 g6 21. Rf3 Nd7 22. Rbf1 Rxf3 23. Rxf3 Rf8 24. Rxf8 Qxf8 25. Qd2 Nc5 26. Qb4 Qe8 27. Qd2 Qf8 28. Qb4 Qe8 29. Qd2 g5 30. Qf2 Kg7 31. Bxc5 dxc5 32. Qf5 c6 33. h4 gxh4 34. Qg4+ Kh7 35. Qxh4 b5 36. Qf6 bxc4 37. dxc4 a3 38. Qd6 Qh5 39. Qe7+ Kg8 40. Qe6+ Kg7 41. Qe7+ Kg8 1/2-1/2

[Event "Smederevska Palanka Shocha Memorial"]
[Site "Smederevska Palanka"]
[Date "2016.01.10"]
[Round "3"]
[White "Avramovic, Zoran"]
[Black "Zlatanovic, Boroljub"]
[Result "0-1"]
[WhiteElo "2365"]
[BlackElo "2449"]
[PlyCount "116"]
[EventDate "2016.01.01"]
[EventType "swiss"]
[EventRounds "9"]
[EventCountry "SRB"]
[SourceTitle "CBM 170 Extra"]
[Source "ChessBase"]
[SourceDate "2016.02.25"]
[SourceVersion "1"]
[SourceVersionDate "2016.02.25"]
[SourceQuality "1"]

1. e4 e6 2. d4 d5 3. exd5 exd5 4. Bd3 Nc6 5. c3 Bd6 6. Qf3 Be6 7. Ne2 Qd7 8. h3 Nge7 9. Bf4 0-0-0 10. Nd2 Ng6 11. Bxd6 Qxd6 12. g3 Nce7 13. h4 h5 14. 0-0-0 Bg4 15. Qg2 Bf5 16. Qf3 Bxd3 17. Qxd3 Qf6 18. Qf3 Qf5 19. Rhe1 Rhe8 20. Ng1 Qxf3 21. Ngxf3 f6 22. Rg1 Nf5 23. Rde1 Nh6 24. Nh2 Nf5 25. Kc2 Kd7 26. Kd1 Nge7 27. Nhf3 Nh6 28. Nh2 Nef5 29. Rxe8 Rxe8 30. Re1 Rxe1+ 31. Kxe1 Ke6 32. Ke2 g5 33. hxg5 fxg5 34. Ndf3 Kf6 35. Ne5 Nd6 36. f3 Nhf7 37. Nd7+ Ke6 38. Nc5+ Ke7 39. Nd3 Nc4 40. g4 h4 41. b3 Ncd6 42. f4 Ne4 43. c4 dxc4 44. bxc4 Nc3+ 45. Kf3 Nxa2 46. fxg5 Nxg5+ 47. Kf4 Ne6+ 48. Ke5 a5 49. d5 Nb4 50. Nf2 a4 51. Nf3 a3 52. Nd2 Nc5 53. Nfe4 a2 54. Nxc5 a1Q+ 55. Kf4 Qd4+ 56. Nce4 Nd3+ 57. Kf3 Ne5+ 58. Kg2 Nxc4 0-1

[Event "SRB-chT3 North CS"]
[Site "Sabac"]
[Date "2014.10.03"]
[Round "2"]
[White "Avramovic, Zoran"]
[Black "Cabarkapa, Miomir"]
[Result "1/2-1/2"]
[WhiteElo "2336"]
[BlackElo "2169"]
[PlyCount "115"]
[EventDate "2014.10.02"]
[EventType "team-swiss"]
[EventRounds "6"]
[EventCountry "SRB"]
[SourceTitle "EXT 2021"]
[Source "ChessBase"]
[SourceDate "2020.10.23"]
[SourceVersion "1"]
[SourceVersionDate "2020.10.23"]
[SourceQuality "1"]

1. e4 e6 2. d4 d5 3. exd5 exd5 4. Bd3 Bd6 5. h3 c6 6. c3 Nd7 7. Be3 Ne7 8. f4 Nf6 9. g4 Ng6 10. Qf3 Qe7 11. Ne2 Nh4 12. Qf2 Ng2+ 13. Kd2 Ne4+ 14. Bxe4 Qxe4 15. Ng3 Qxe3+ 16. Qxe3+ Nxe3 17. Kxe3 g5 18. Nh5 gxf4+ 19. Nxf4 f5 20. g5 Kf7 21. Nd2 Bd7 22. Rae1 Rae8+ 23. Kf3 Rxe1 24. Rxe1 h6 25. g6+ Kf6 26. Rg1 Bxf4 27. Kxf4 Be8 28. g7 Rg8 29. Nf3 Rxg7 30. Rxg7 Kxg7 31. Nh4 Kf6 32. Nxf5 Bd7 33. Nxh6 Bxh3 34. Ng4+ Ke6 35. Ne3 Kd6 36. Kg5 Ke6 37. Kg6 Ke7 38. Nf5+ Ke6 39. Ng7+ Ke7 40. Kg5 Kf7 41. Nh5 Bf1 42. Kf5 Ke7 43. Ke5 Bd3 44. Nf4 Bf1 45. b3 b6 46. Ng6+ Kd7 47. Kf4 Kd6 48. Ne5 Bh3 49. Kg5 Bf1 50. Kf6 Bh3 51. Nf7+ Kd7 52. Ke5 Bf1 53. Nd6 Bd3 54. b4 Bf1 55. Nf5 Bd3 56. a3 Bc4 57. Kf4 b5 58. Kf3 1/2-1/2

[Event "SRB-chT2 West"]
[Site "Vrnjacka Banja"]
[Date "2013.10.13"]
[Round "6"]
[White "Czebe, Attila"]
[Black "Avramovic, Zoran"]
[Result "1-0"]
[WhiteElo "2456"]
[BlackElo "2330"]
[PlyCount "139"]
[EventDate "2013.10.10"]
[EventType "team-tourn"]
[EventRounds "8"]
[EventCountry "SRB"]
[SourceTitle "EXT 2014"]
[Source "ChessBase"]
[SourceDate "2013.11.20"]
[SourceVersion "1"]
[SourceVersionDate "2013.11.20"]
[SourceQuality "1"]

1. Nf3 d5 2. g3 e6 3. Bg2 f5 4. 0-0 Nf6 5. d3 Bc5 6. Nbd2 0-0 7. Qe1 Nc6 8. a3 Nd4 9. Nxd4 Bxd4 10. e4 fxe4 11. dxe4 c6 12. h3 a5 13. Kh2 a4 14. f4 b6 15. e5 Ne8 16. Nf3 Bc5 17. Be3 Qe7 18. Nd4 Bxd4 19. Bxd4 c5 20. Bg1 Bb7 21. Rd1 g6 22. g4 Ng7 23. Bf2 h6 24. c4 d4 25. Bh4 Qc7 26. Qg3 Bxg2 27. Qxg2 g5 28. Bg3 Rad8 29. Qe4 d3 30. Rxd3 Rxd3 31. Qxd3 Rd8 32. Qe3 gxf4 33. Qxf4 Kh7 34. Qe4+ Kg8 35. Rf6 Rd2+ 36. Kh1 Qd8 37. Rxh6 Rd1+ 38. Be1 Qd3 39. Qa8+ Qd8 40. Qxd8+ Rxd8 41. Bc3 Rd3 42. Kg2 Re3 43. Rf6 Re4 44. Rf3 Rxc4 45. Rd3 b5 46. Rd8+ Kf7 47. Rb8 b4 48. axb4 a3 49. bxc5 axb2 50. Bxb2 Rxc5 51. Bd4 Rc4 52. Be3 Ne8 53. Rb7+ Kg6 54. Kf3 Rc7 55. Rxc7 Nxc7 56. h4 Nd5 57. Bf4 Kh7 58. Bd2 Ne7 59. Bb4 Nd5 60. Bd6 Kh6 61. Bf8+ Kg6 62. h5+ Kg5 63. Bg7 Nc7 64. Bf6+ Kh6 65. Kg3 Nd5 66. Kh4 Nb6 67. g5+ Kh7 68. g6+ Kh6 69. Be7 Nd7 70. Bd6 1-0

[Event "SRB-chT2 West CS"]
[Site "Serbia"]
[Date "2012.09.15"]
[Round "2.6"]
[White "Avramovic, Zoran"]
[Black "Markovic, Dragan P"]
[Result "1-0"]
[WhiteElo "2284"]
[BlackElo "2239"]
[PlyCount "79"]
[EventDate "2012.09.14"]
[EventType "team"]
[EventRounds "10"]
[EventCountry "SRB"]
[SourceTitle "EXT 2015"]
[Source "ChessBase"]
[SourceDate "2014.11.20"]
[SourceVersion "1"]
[SourceVersionDate "2014.11.20"]
[SourceQuality "1"]

1. e4 c6 2. d3 d5 3. Nc3 dxe4 4. Nxe4 Bf5 5. Ng3 Bg6 6. h4 h6 7. Nh3 e6 8. Nf4 Bh7 9. Bd2 Nf6 10. Bc3 Nbd7 11. Qf3 Rg8 12. Ngh5 Be7 13. 0-0-0 Bf5 14. Be2 Bg4 15. Qe3 Bxe2 16. Qxe2 Nxh5 17. Qxh5 Nf8 18. Rde1 Qd7 19. Kb1 Bd6 20. Nxe6 Nxe6 21. Rxe6+ Qxe6 22. Re1 Qxe1+ 23. Bxe1 Ke7 24. Bc3 f6 25. a3 Rad8 26. Qg6 Kd7 27. Ba5 b6 28. Bc3 Kc8 29. g4 Bc7 30. Qf7 Rdf8 31. Qe6+ Kb7 32. Bb4 Re8 33. Qf7 c5 34. Bd2 Ref8 35. Qg6 Re8 36. Be3 Re7 37. Bxh6 Rh8 38. Be3 Rxh4 39. g5 fxg5 40. Qxg5 1-0

[Event "SRB-chT2 West CS"]
[Site "Serbia"]
[Date "2011.10.15"]
[Round "10.2"]
[White "Zecevic, Igor"]
[Black "Avramovic, Zoran"]
[Result "0-1"]
[WhiteElo "1913"]
[BlackElo "2236"]
[PlyCount "76"]
[EventDate "2011.09.11"]
[EventType "team"]
[EventRounds "11"]
[EventCountry "SRB"]
[SourceTitle "EXT 2015"]
[Source "ChessBase"]
[SourceDate "2014.11.20"]
[SourceVersion "1"]
[SourceVersionDate "2014.11.20"]
[SourceQuality "1"]

1. d4 d5 2. c4 e6 3. Nc3 f5 4. g3 Nf6 5. Bg2 c6 6. cxd5 exd5 7. Nf3 Bd6 8. 0-0 Qe7 9. Bg5 0-0 10. Qd2 Nbd7 11. a3 a5 12. Bf4 Ne4 13. Nxe4 fxe4 14. Bxd6 Qxd6 15. Ne1 Nb6 16. f3 exf3 17. Nxf3 Nc4 18. Qc3 Re8 19. e4 Be6 20. e5 Qe7 21. Rf2 b5 22. a4 b4 23. Qd3 Rf8 24. b3 Rad8 25. Rc1 Qf7 26. Rcf1 Qh5 27. Rc1 Qh6 28. Re1 Rf7 29. h4 Rdf8 30. Ref1 Qe3 31. Qxe3 Nxe3 32. Ng5 Nxf1 33. Nxf7 Nxg3 34. Ng5 Bg4 35. Bf3 Bc8 36. e6 h6 37. Bh5 Nxh5 38. e7 Re8 0-1

[Event "SRB-chT2 West CS"]
[Site "Serbia"]
[Date "2011.10.14"]
[Round "7.5"]
[White "Avramovic, Zoran"]
[Black "Irizanin, Radoje"]
[Result "1-0"]
[WhiteElo "2236"]
[BlackElo "2338"]
[PlyCount "120"]
[EventDate "2011.09.11"]
[EventType "team"]
[EventRounds "11"]
[EventCountry "SRB"]
[SourceTitle "EXT 2015"]
[Source "ChessBase"]
[SourceDate "2014.11.20"]
[SourceVersion "1"]
[SourceVersionDate "2014.11.20"]
[SourceQuality "1"]

1. e4 c5 2. Nf3 d6 3. d4 cxd4 4. Nxd4 Nf6 5. Nc3 a6 6. Be2 e6 7. 0-0 Be7 8. Be3 Qc7 9. a4 Nc6 10. f3 0-0 11. Qd2 Na5 12. Nb3 b6 13. Nxa5 bxa5 14. Bd3 Rb8 15. Rab1 Nd7 16. Kh1 Nc5 17. Rfd1 Bb7 18. Be2 h6 19. Qe1 Kh7 20. Qg3 e5 21. b3 Ba8 22. Bc4 Ne6 23. Qe1 Rbc8 24. Nd5 Bxd5 25. Rxd5 Nc5 26. Bxc5 dxc5 27. Bxa6 Rcd8 28. Bc4 Rxd5 29. Bxd5 g6 30. Rd1 Kg7 31. Qe2 Rb8 32. g3 Rd8 33. Qc4 Qb6 34. c3 h5 35. Rf1 f6 36. Qb5 Qc7 37. Kg2 Rb8 38. Qe2 Bd6 39. h4 Qe7 40. Qa6 Qc7 41. Rd1 Qb6 42. Qd3 Rd8 43. g4 Bb8 44. gxh5 c4 45. Qxc4 Ba7 46. Qe2 Rh8 47. hxg6 Rxh4 48. Qd2 Rh5 49. Be6 Rg5+ 50. Bg4 Kxg6 51. b4 Qc6 52. Qd7 Qa8 53. Rh1 Qg8 54. Qxa7 axb4 55. cxb4 Qa2+ 56. Kg3 Rxg4+ 57. fxg4 Qb3+ 58. Kg2 Qc2+ 59. Qf2 Qxe4+ 60. Qf3 Qc2+ 1-0

[Event "SRB-chT2 West"]
[Site "Serbia"]
[Date "2009.10.09"]
[Round "7.5"]
[White "Avramovic, Zoran"]
[Black "Djakovac, Enes"]
[Result "0-1"]
[WhiteElo "2238"]
[BlackElo "2204"]
[PlyCount "58"]
[EventDate "2009.09.06"]
[EventType "team"]
[EventRounds "11"]
[EventCountry "SRB"]
[SourceTitle "EXT 2012"]
[Source "ChessBase"]
[SourceDate "2011.11.24"]
[SourceVersion "1"]
[SourceVersionDate "2011.11.24"]
[SourceQuality "1"]

1. e4 e5 2. Nf3 Nc6 3. Bc4 d6 4. h3 Be7 5. Nc3 Nf6 6. d4 exd4 7. Nxd4 0-0 8. Be3 Bd7 9. 0-0 Nxd4 10. Qxd4 Qc8 11. f4 Bxh3 12. gxh3 Qxh3 13. Kf2 Ng4+ 14. Ke2 Bf6 15. Qd3 Bxc3 16. bxc3 d5 17. Bf2 Qh5 18. Qxd5 Ne5+ 19. Ke1 Nf3+ 20. Ke2 Qg4 21. Ke3 Nh2 22. e5 Qh3+ 23. Ke2 Rad8 24. Qe4 Qh5+ 25. Ke3 Ng4+ 26. Kf3 Nf6+ 27. Ke3 Nxe4 28. Kxe4 Qg6+ 29. Ke3 Qc6 0-1

[Event "SRB-chT2 West"]
[Site "Serbia"]
[Date "2007.09.16"]
[Round "2.2"]
[White "Cabarkapa, Miomir"]
[Black "Avramovic, Zoran"]
[Result "0-1"]
[WhiteElo "2210"]
[BlackElo "2223"]
[PlyCount "84"]
[EventDate "2007.09.09"]
[EventType "team"]
[EventRounds "11"]
[EventCountry "SRB"]
[SourceTitle "EXT 2012"]
[Source "ChessBase"]
[SourceDate "2011.11.24"]
[SourceVersion "1"]
[SourceVersionDate "2011.11.24"]
[SourceQuality "1"]
[WhiteTeam "Ljig Spartak"]
[BlackTeam "Morava"]
[WhiteTeamCountry "SRB"]
[BlackTeamCountry "SRB"]

1. Nf3 d5 2. d4 e6 3. Bf4 Bb4+ 4. c3 Bd6 5. Bg3 f5 6. e3 Nf6 7. Bd3 0-0 8. Nbd2 Bxg3 9. hxg3 Nbd7 10. Ng5 Qe8 11. f4 h6 12. Ngf3 Qg6 13. Rh3 c5 14. Qe2 a6 15. Ne5 Nxe5 16. dxe5 Ng4 17. Nf3 b5 18. 0-0-0 Rb8 19. Rdh1 c4 20. Bc2 b4 21. Nh2 bxc3 22. bxc3 Nxh2 23. R1xh2 Qf7 24. g4 Qb7 25. g5 Bd7 26. gxh6 Qb2+ 27. Kd2 g6 28. h7+ Kh8 29. Rh1 Ba4 30. Rc1 Qxa2 31. Qd1 Rb2 32. Rh6 Kg7 33. Rh2 Rh8 34. g4 fxg4 35. Ke1 Bxc2 36. Rcxc2 Rxc2 37. Rxc2 Qa4 38. Qb1 Qb3 39. Qxb3 cxb3 40. Rb2 Rb8 41. Kf2 Kxh7 42. Kg3 a5 0-1

[Event "SRB-chT2 West"]
[Site "Serbia"]
[Date "2006.10.28"]
[Round "10.2"]
[White "Avramovic, Zoran"]
[Black "Popovic, Misa"]
[Result "1-0"]
[WhiteElo "2227"]
[BlackElo "2138"]
[PlyCount "65"]
[EventDate "2006.09.09"]
[EventType "team"]
[EventRounds "11"]
[EventCountry "SRB"]
[SourceTitle "EXT 2012"]
[Source "ChessBase"]
[SourceDate "2011.11.24"]
[SourceVersion "1"]
[SourceVersionDate "2011.11.24"]
[SourceQuality "1"]

1. e4 c5 2. Nf3 e6 3. d4 cxd4 4. c3 d3 5. Bxd3 Nc6 6. 0-0 Qc7 7. Qe2 d6 8. a3 Be7 9. Bf4 Nf6 10. c4 Ne5 11. Nc3 a6 12. Rac1 b6 13. Be3 Nxd3 14. Qxd3 Bb7 15. Nd4 Ng4 16. f4 Nxe3 17. Qxe3 0-0 18. f5 Bc8 19. b4 Bf6 20. Qd3 b5 21. Nce2 bxc4 22. Rxc4 Qa7 23. Kh1 e5 24. Nc6 Qb6 25. Nc3 Qb7 26. Na5 Qa7 27. Nd5 Bd8 28. Nc6 Qb7 29. Qg3 h6 30. a4 Bd7 31. Nxd8 Raxd8 32. Rc7 Qb8 33. Rxd7 1-0

[Event "SRB-chT2 West"]
[Site "Serbia"]
[Date "2006.09.09"]
[Round "1.2"]
[White "Nikolajevic, Branislav"]
[Black "Avramovic, Zoran"]
[Result "1/2-1/2"]
[WhiteElo "2132"]
[BlackElo "2227"]
[PlyCount "114"]
[EventDate "2006.09.09"]
[EventType "team"]
[EventRounds "11"]
[EventCountry "SRB"]
[SourceTitle "EXT 2012"]
[Source "ChessBase"]
[SourceDate "2011.11.24"]
[SourceVersion "1"]
[SourceVersionDate "2011.11.24"]
[SourceQuality "1"]

1. e4 e5 2. Nf3 Nf6 3. Nc3 Nc6 4. d4 exd4 5. Nxd4 Bb4 6. Nxc6 bxc6 7. Bd3 d5 8. exd5 cxd5 9. 0-0 0-0 10. Bg5 Bxc3 11. bxc3 Qd6 12. Bxf6 Qxf6 13. Qh5 g6 14. Qxd5 Rb8 15. Qc4 Qd6 16. Rfd1 Be6 17. Qd4 Qa3 18. h4 Rfd8 19. Qf6 Rd6 20. Qe5 Rc6 21. Rab1 Rf8 22. Rb7 Rc5 23. Qd4 Qxc3 24. Qxc3 Rxc3 25. Rxa7 c5 26. Be4 f5 27. Bd5 Bxd5 28. Rxd5 Rf7 29. Rxf7 Kxf7 30. Rd2 Ke6 31. Kf1 Ra3 32. c4 Rc3 33. a4 Rxc4 34. Ra2 Kd7 35. a5 Kc7 36. a6 Kb8 37. Rb2+ Ka8 38. g3 f4 39. Ke2 fxg3 40. fxg3 Rg4 41. Kf3 Rb4 42. Rd2 c4 43. Rd7 Rb3+ 44. Kf4 Rb4 45. Rc7 h6 46. Kf3 Rb3+ 47. Kg2 c3 48. Kh3 Ra3 49. Kg4 Kb8 50. Rc6 Ka7 51. Kf4 Kb8 52. Rxg6 Ra4+ 53. Kf5 Kc7 54. Re6 c2 55. Re1 Rxa6 56. g4 Kd6 57. g5 hxg5 1/2-1/2

[Event "Serbia-ch"]
[Site "Kragujevac"]
[Date "2000.02.21"]
[Round "3"]
[White "Avramovic, Zoran"]
[Black "Savic, Miodrag R"]
[Result "1/2-1/2"]
[WhiteElo "2219"]
[BlackElo "2430"]
[PlyCount "125"]
[EventDate "2000.02.19"]
[EventType "swiss"]
[EventRounds "9"]
[EventCountry "YUG"]
[SourceTitle "EXT 2001"]
[Source "ChessBase"]
[SourceDate "2000.11.22"]
[SourceVersion "1"]
[SourceVersionDate "2000.11.22"]
[SourceQuality "1"]

1. e4 c5 2. Nf3 Nc6 3. g3 g6 4. d4 cxd4 5. Nxd4 Bg7 6. c3 d6 7. Bg2 Bd7 8. 0-0 Qc8 9. Re1 Bh3 10. Nxc6 bxc6 11. Bh1 Nf6 12. c4 0-0 13. Bd2 Qa6 14. Na3 Ng4 15. Rb1 Bd4 16. Re2 Qb6 17. Be1 f5 18. Nc2 Be5 19. exf5 Rxf5 20. Bg2 Bxg2 21. Kxg2 Raf8 22. f4 Bf6 23. h3 Nh6 24. Bf2 Qb7 25. Ne3 Ra5 26. b4 Ra3 27. Rb3 Rxb3 28. Qxb3 Rb8 29. Qa4 Nf5 30. Nxf5 gxf5 31. Qxa7 Qxa7 32. Bxa7 Rxb4 33. c5 Ra4 34. Bb6 Kf7 35. Rc2 Bd4 36. g4 fxg4 37. hxg4 dxc5 38. Kf3 Ra3+ 39. Kg2 Ra4 40. Kf3 Ra3+ 41. Kg2 Ke6 42. Bxc5 Bxc5 43. Rxc5 Kd6 44. Rh5 c5 45. Rxh7 c4 46. Kf2 Rxa2+ 47. Ke3 Rg2 48. Kd4 Rxg4 49. Kxc4 Rxf4+ 50. Kd3 Ra4 51. Rh5 Ke6 52. Rb5 Kf6 53. Ke3 Ra1 54. Rc5 Re1+ 55. Kf3 Re5 56. Rc6+ e6 57. Rc8 Ra5 58. Rh8 Ra4 59. Ke3 Rb4 60. Kf3 Ke5 61. Rh5+ Kd6 62. Ke3 Rb3+ 63. Ke4 1/2-1/2